Nutritional genomics : discovering the path to personalized nutrition

Nutrigenomics provides an integrated and up-to-date overview of the fundamental principles and scientific methodologies that serve as the foundation for nutrigenomics. World-renowned experts in the field of nutrigenomics have contributed their latest breakthroughs and insights in their particular ar...

Fuld beskrivelse

Đã lưu trong:
Bibliografiske detaljer
Format: Bog
Sprog:Undetermined
Udgivet: Hoboken, N.J. Wiley-Interscience 2006
Fag:
Tags: Tilføj Tag
Ingen Tags, Vær først til at tagge denne postø!
Thư viện lưu trữ: Trung tâm Học liệu Trường Đại học Cần Thơ
LEADER 01315nam a2200205Ia 4500
001 CTU_132035
008 210402s9999 xx 000 0 und d
020 |c 1457000 
082 |a 613.2 
082 |b N976 
245 0 |a Nutritional genomics : 
245 0 |b discovering the path to personalized nutrition 
245 0 |c edited by Jim Kaput, Raymond L. Rodriguez 
260 |a Hoboken, N.J. 
260 |b Wiley-Interscience 
260 |c 2006 
520 |a Nutrigenomics provides an integrated and up-to-date overview of the fundamental principles and scientific methodologies that serve as the foundation for nutrigenomics. World-renowned experts in the field of nutrigenomics have contributed their latest breakthroughs and insights in their particular areas of expertise. While each chapter can be used as a complete, stand-alone unit, they are all organized so that the chapters build on each other, leading the reader smoothly from basic principles to more complex scientific findings and experimental designs. Moreover, scientifically focused chapters are carefully balanced with those addressing the social, ethical, regulatory, and commercial implications of nutrigenomics 
650 |a Nutrition,Dinh dưỡng học 
904 |i Huỳnh Mai 
980 |a Trung tâm Học liệu Trường Đại học Cần Thơ